000 00439nam a2200133Ia 4500
005 20260328101455.0
008 260328s9999||||xx |||||||||||||| ||und||
100 _aBarsallo J., Pedro A.
245 0 _aResponsabilidad Civil por defectos en la Industria de la Construcción :
_b Comentarios sobre la responsabilidad decenal /
_cPedro A. Barsallo J.
260 _bCultural Portobelo
300 _a38 p.
650 _aLATINOAMERICA
942 _cBK
999 _c8800
_d8800